[Event "St Petersburg-ch Seniors Rapid"]
[Site "St Petersburg"]
[Date "2022.10.04"]
[Round "6"]
[White "Pozin, Sergey"]
[Black "Lagunov, Evgenij"]
[Result "1-0"]
[WhiteElo "2124"]
[BlackElo "2212"]
[PlyCount "63"]
[EventDate "2022.10.03"]
[EventType "swiss (rapid)"]
[EventRounds "10"]
[EventCountry "RUS"]
[SourceTitle "EXT 2024"]
[Source "ChessBase"]
[SourceDate "2023.10.10"]
[SourceVersion "1"]
[SourceVersionDate "2023.10.10"]
[SourceQuality "1"]

1. d4 Nf6 2. c4 e6 3. Nc3 d5 4. Nf3 dxc4 5. e3 a6 6. a4 Bb4 7. Bxc4 b6 8. 0-0 Bb7 9. Qe2 0-0 10. Rd1 Nbd7 11. Bd3 Qe7 12. e4 e5 13. d5 Ne8 14. h3 Bxc3 15. bxc3 Nd6 16. a5 Nc5 17. Bc2 h6 18. Ba3 Nb5 19. Bb4 Rfe8 20. Qe3 Bc8 21. c4 Na7 22. axb6 cxb6 23. d6 Qe6 24. Bxc5 bxc5 25. Qxc5 Bd7 26. Rxa6 Rec8 27. Qa3 Qxc4 28. Bb3 Qc3 29. Bd5 Nb5 30. Qxc3 Nxc3 31. Rxa8 Nxd1 32. Nxe5 1-0

[Event "St Petersburg-ch Seniors"]
[Site "St Petersburg"]
[Date "2022.09.28"]
[Round "5"]
[White "Raetsky, Alexander"]
[Black "Pozin, Sergey"]
[Result "0-1"]
[WhiteElo "2384"]
[BlackElo "2257"]
[PlyCount "62"]
[EventDate "2022.09.24"]
[EventType "swiss"]
[EventRounds "9"]
[EventCountry "RUS"]
[SourceTitle "CBM 210 Extra"]
[Source "ChessBase"]
[SourceDate "2022.11.30"]
[SourceVersion "1"]
[SourceVersionDate "2022.11.30"]
[SourceQuality "1"]

1. d4 Nf6 2. c4 g6 3. Nc3 Bg7 4. e4 0-0 5. Be2 d6 6. Bg5 c5 7. d5 e6 8. Qd2 exd5 9. exd5 Qb6 10. h3 Re8 11. Nf3 Bf5 12. Nh4 Ne4 13. Nxe4 Bxe4 14. f3 Qxb2 15. Rc1 h6 16. Be3 Qf6 17. g3 g5 18. Ng2 Bg6 19. 0-0 Nd7 20. Kh2 Qb2 21. Qd1 Bd4 22. Bd2 Re7 23. f4 Rae8 24. Bg4 Be4 25. Re1 Nf6 26. Re2 Bd3 27. Rxe7 Rxe7 28. fxg5 Nxg4+ 29. Qxg4 Qxd2 30. gxh6+ Kh7 31. Rd1 Qf2 0-1

[Event "St Petersburg-ch Seniors"]
[Site "St Petersburg"]
[Date "2022.09.27"]
[Round "4"]
[White "Pozin, Sergey"]
[Black "Kalegin, Evgenij"]
[Result "1/2-1/2"]
[WhiteElo "2257"]
[BlackElo "2386"]
[PlyCount "85"]
[EventDate "2022.09.24"]
[EventType "swiss"]
[EventRounds "9"]
[EventCountry "RUS"]
[SourceTitle "CBM 210 Extra"]
[Source "ChessBase"]
[SourceDate "2022.11.30"]
[SourceVersion "1"]
[SourceVersionDate "2022.11.30"]
[SourceQuality "1"]

1. d4 Nf6 2. c4 g6 3. Nc3 Bg7 4. Nf3 0-0 5. e4 d6 6. Be2 e5 7. 0-0 Nbd7 8. Qc2 c6 9. Be3 h6 10. Rad1 Qe7 11. h3 exd4 12. Rxd4 Re8 13. Bf4 Ne5 14. Rd2 Nh7 15. Rfd1 Nxf3+ 16. Bxf3 Be5 17. Bxe5 dxe5 18. Bg4 Bxg4 19. hxg4 Nf6 20. f3 Qc5+ 21. Kh2 Kg7 22. Na4 Qe3 23. Qb3 Qf4+ 24. Kg1 b6 25. Nc3 Qe3+ 26. Kf1 h5 27. gxh5 Nxh5 28. Ne2 Qg5 29. c5 bxc5 30. Rd7 Rf8 31. Rc7 Nf4 32. Nxf4 Qxf4 33. Rdd7 Rad8 34. Rxa7 Rxd7 35. Rxd7 Rh8 36. Kg1 Rh5 37. a4 c4 38. Qc3 Qh2+ 39. Kf1 Qg3 40. Kg1 Qh2+ 41. Kf1 Qg3 42. Kg1 Rh2 43. Rd2 1/2-1/2

[Event "Ekaterinburg Scerbin Memorial"]
[Site "Ekaterinburg"]
[Date "2021.12.18"]
[Round "4"]
[White "Pozin, Sergey"]
[Black "Drygalov, Sergey"]
[Result "0-1"]
[WhiteElo "2270"]
[BlackElo "2517"]
[PlyCount "86"]
[EventDate "2021.12.18"]
[EventType "swiss (rapid)"]
[EventRounds "9"]
[EventCountry "RUS"]
[SourceTitle "CBM 205 Extra"]
[Source "ChessBase"]
[SourceDate "2022.01.31"]
[SourceVersion "1"]
[SourceVersionDate "2022.01.31"]
[SourceQuality "1"]

1. d4 Nf6 2. Nf3 d5 3. Bf4 c5 4. e3 Nc6 5. Nbd2 e6 6. c3 Nh5 7. Bg5 f6 8. Bh4 g6 9. Bd3 Bd6 10. 0-0 0-0 11. c4 cxd4 12. exd4 Nf4 13. Bc2 Bd7 14. c5 Bc7 15. a3 a5 16. Re1 b6 17. cxb6 Bxb6 18. Bg3 Nh5 19. Bd6 Re8 20. Nb3 Bc8 21. Bc5 Bc7 22. Nc1 e5 23. Ba4 Bb7 24. dxe5 fxe5 25. Bb3 Nf6 26. Ne2 e4 27. Nfd4 Ne5 28. Nf4 Nf3+ 29. Nxf3 Bxf4 30. Nd4 Bxh2+ 31. Kxh2 Qc7+ 32. Kg1 Qxc5 33. Ba4 Re7 34. Rc1 Qd6 35. Nb5 Qf4 36. g3 Qg5 37. Qd4 Rf8 38. Rc7 Ng4 39. Rxe7 Qxe7 40. Re2 Ne5 41. Qb6 Nf3+ 42. Kf1 Qd7 43. Kg2 Bc8 0-1

[Event "Eurasia Cup op"]
[Site "Ekaterinburg"]
[Date "2019.08.08"]
[Round "8"]
[White "Pozin, Sergey"]
[Black "Kavyev, Ruslan"]
[Result "0-1"]
[WhiteElo "2299"]
[BlackElo "2167"]
[PlyCount "126"]
[EventDate "2019.07.31"]
[EventType "swiss"]
[EventRounds "9"]
[EventCountry "RUS"]
[SourceTitle "CBM 191 Extra"]
[Source "ChessBase"]
[SourceDate "2019.09.30"]
[SourceVersion "1"]
[SourceVersionDate "2019.09.30"]
[SourceQuality "1"]

1. d4 Nf6 2. Nf3 g6 3. c4 Bg7 4. Nc3 d5 5. cxd5 Nxd5 6. e4 Nxc3 7. bxc3 c5 8. Rb1 0-0 9. Be2 Qc7 10. 0-0 b6 11. Bg5 Bb7 12. d5 Bxc3 13. Qa4 Bf6 14. Bxf6 exf6 15. Rbd1 a6 16. e5 fxe5 17. Qh4 f6 18. Qg3 Qg7 19. Nd2 Bxd5 20. Nc4 Bxc4 21. Bxc4+ Kh8 22. Rd6 b5 23. Be6 a5 24. Qe3 Ra6 25. Qxc5 Qe7 26. Rfd1 Rxd6 27. Qxd6 Qxd6 28. Rxd6 Kg7 29. g4 b4 30. h4 Re8 31. Kg2 Kh6 32. Bd5 Kg7 33. Be6 Kf8 34. Bb3 Ke7 35. Re6+ Kd7 36. Rxf6 Re7 37. g5 Kc7 38. Ba4 Kb7 39. Bb5 Nd7 40. Rc6 e4 41. Rc4 Nb6 42. Bc6+ Kc7 43. Rxe4 Rxe4 44. Bxe4 a4 45. h5 b3 46. Bb1 Nd5 47. a3 Nf4+ 48. Kf3 Nxh5 49. Ke4 Kd6 50. Kd4 Nf4 51. Kc4 Nd5 52. Kd4 Nf4 53. Kc4 Ke5 54. Kb4 Kd4 55. Kxa4 Kc4 56. Be4 Ne2 57. Bd3+ Kc3 58. Be4 Nd4 59. f4 Kc4 60. Ka5 b2 61. Kb6 Kb3 62. Bb1 Kxa3 63. Bd3 Kb3 0-1

[Event "RUS-ch Eurasia Cup op"]
[Site "Ekaterinburg"]
[Date "2018.08.04"]
[Round "4"]
[White "Gyrgenova, Ekaterina"]
[Black "Pozin, Sergey"]
[Result "1-0"]
[WhiteElo "1738"]
[BlackElo "2294"]
[PlyCount "75"]
[EventDate "2018.08.01"]
[EventType "swiss"]
[EventRounds "9"]
[EventCountry "RUS"]
[SourceTitle "CBM 185 Extra"]
[Source "ChessBase"]
[SourceDate "2018.07.29"]
[SourceVersion "1"]
[SourceVersionDate "2018.07.29"]
[SourceQuality "1"]

1. d4 Nf6 2. c4 e6 3. Nc3 Bb4 4. e3 b6 5. Nge2 Ba6 6. a3 Be7 7. Nf4 0-0 8. e4 d6 9. Bd3 e5 10. Nfe2 c6 11. 0-0 Nbd7 12. b3 Bb7 13. f4 b5 14. Kh1 bxc4 15. bxc4 exd4 16. Nxd4 Re8 17. Bc2 Bf8 18. Re1 Nb6 19. Bd3 d5 20. cxd5 cxd5 21. e5 Ne4 22. Nxe4 dxe4 23. Bxe4 Bxe4 24. Rxe4 Qd5 25. Re1 Rad8 26. Be3 Qe4 27. Qf3 Rxd4 28. Bxd4 Qxd4 29. Rad1 Qb2 30. a4 Bb4 31. Rf1 g6 32. f5 Qxe5 33. fxg6 fxg6 34. Qb3+ Qe6 35. Qxb4 Nd5 36. Qb3 Ne3 37. Qxe6+ Rxe6 38. Rde1 1-0

[Event "Khanty-Mansiysk Governor Cup-B 8th"]
[Site "Khanty-Mansiysk"]
[Date "2012.11.20"]
[Round "6"]
[White "Pozin, Sergey"]
[Black "Pogromsky, Mikhail"]
[Result "1/2-1/2"]
[WhiteElo "2369"]
[BlackElo "2415"]
[PlyCount "78"]
[EventDate "2012.11.15"]
[EventType "swiss"]
[EventRounds "9"]
[EventCountry "RUS"]
[SourceTitle "CBM 151 Extra"]
[Source "ChessBase"]
[SourceDate "2012.12.18"]
[SourceVersion "1"]
[SourceVersionDate "2012.12.18"]
[SourceQuality "1"]

1. d4 Nf6 2. Nf3 e6 3. Bf4 c5 4. e3 Qb6 5. Nc3 Nc6 6. a3 Nh5 7. d5 Nxf4 8. exf4 Nd4 9. Nxd4 cxd4 10. Nb5 Bc5 11. b4 d3 12. bxc5 Qxb5 13. Bxd3 Qxc5 14. c4 exd5 15. 0-0 0-0 16. cxd5 b6 17. Rc1 Qxa3 18. Qf3 Qd6 19. Rce1 Bb7 20. Re5 g6 21. Rfe1 f6 22. Re7 Rf7 23. Rxf7 Kxf7 24. f5 Rg8 25. Qh3 Kg7 26. fxg6 hxg6 27. Qg4 Kf7 28. h4 Bxd5 29. h5 g5 30. h6 Be6 31. Qh5+ Kf8 32. Bg6 Rh8 33. Rc1 Ke7 34. h7 Kd8 35. Qf3 Ke7 36. Qb7 Qd2 37. Rc2 Qd4 38. Kh2 Qh4+ 39. Kg1 f5 1/2-1/2

[Event "Olomouc op"]
[Site "Olomouc"]
[Date "2010.08.05"]
[Round "2"]
[White "Pozin, Sergey"]
[Black "Blazeka, Matej"]
[Result "1-0"]
[WhiteElo "2414"]
[BlackElo "2134"]
[PlyCount "87"]
[EventDate "2010.08.04"]
[EventType "swiss"]
[EventRounds "9"]
[EventCountry "CZE"]
[SourceTitle "CBM 137 Extra"]
[Source "ChessBase"]
[SourceDate "2010.09.01"]
[SourceVersion "1"]
[SourceVersionDate "2010.09.01"]
[SourceQuality "1"]

1. d4 Nf6 2. Nf3 g6 3. c4 Bg7 4. Nc3 d6 5. Bg5 0-0 6. e3 Nbd7 7. Be2 e5 8. 0-0 c6 9. Qc2 Re8 10. Rad1 Qa5 11. Bh4 Nf8 12. dxe5 dxe5 13. a3 Bf5 14. Qc1 Rad8 15. b4 Qc7 16. Nd2 Rd7 17. c5 b5 18. Bxf6 Bxf6 19. Nde4 Be7 20. Rxd7 Nxd7 21. Rd1 Nf6 22. Nd6 Bxd6 23. Rxd6 Re6 24. Qd2 Rxd6 25. cxd6 Qd7 26. f4 exf4 27. Qd4 Ne8 28. e4 Be6 29. e5 f6 30. Ne4 fxe5 31. Qxe5 Bf5 32. Nc5 Qd8 33. Nb7 Qb6+ 34. Nc5 Qd8 35. Nb7 Qb6+ 36. Kf1 Qe3 37. Qxe3 fxe3 38. Bf3 Bc8 39. Bxc6 Bxb7 40. d7 Bxc6 41. d8Q Kf7 42. Qc8 e2+ 43. Kxe2 Bxg2 44. Qd7+ 1-0

[Event "Pardubice Czech op-A 21st"]
[Site "Pardubice"]
[Date "2010.07.24"]
[Round "2"]
[White "Schulz, Jens"]
[Black "Pozin, Sergey"]
[Result "1-0"]
[WhiteElo "2156"]
[BlackElo "2414"]
[PlyCount "73"]
[EventDate "2010.07.23"]
[EventType "swiss"]
[EventRounds "9"]
[EventCountry "CZE"]
[SourceTitle "CBM 137 Extra"]
[Source "ChessBase"]
[SourceDate "2010.09.01"]
[SourceVersion "1"]
[SourceVersionDate "2010.09.01"]
[SourceQuality "1"]

1. e4 c5 2. Nf3 d6 3. d4 cxd4 4. Nxd4 Nf6 5. Nc3 Nc6 6. Bg5 e6 7. Qd2 a6 8. 0-0-0 Bd7 9. f3 Rc8 10. Kb1 Qc7 11. g4 Be7 12. h4 0-0 13. Be3 b5 14. Nxc6 Bxc6 15. Bd3 b4 16. Ne2 d5 17. g5 Nh5 18. Nd4 Bb7 19. e5 g6 20. f4 a5 21. Rh3 a4 22. Be2 a3 23. Bxh5 axb2 24. Be2 Qa5 25. Nb3 Qa3 26. Bd4 Ra8 27. Bxb2 Qxa2+ 28. Kc1 Rfc8 29. Qd4 Rc3 30. Rxc3 bxc3 31. Bxc3 Ra4 32. Qb6 Ba6 33. Bxa6 Rxa6 34. Qb5 Ra8 35. Kd2 d4 36. Nxd4 Rd8 37. Ra1 1-0